Two Loves of My Life/ (Record no. 190774)

MARC details
000 -LEADER
fixed length control field 00528nam a22001817a 4500
005 - DATE AND TIME OF LATEST TRANSACTION
control field 20220804151027.0
010 ## - LCCN (DPL NO)
LC control number ENG-134264
020 ## - INTERNATIONAL STANDARD BOOK NUMBER
International Standard Book Number 9789351659495
Terms of availability 150.00
035 ## - SYSTEM CONTROL NUMBER
System control number EN-117796
037 ## - SOURCE OF ACQUISITION
Source of stock number/acquisition DBAD/PUB
082 ## - DEWEY DECIMAL CLASSIFICATION NUMBER
Classification number N
100 ## - MAIN ENTRY--PERSONAL NAME
Personal name Rahurikar, Vinita
245 ## - TITLE STATEMENT
Title Two Loves of My Life/
Statement of responsibility, etc Vinita Rahurikar
260 ## - PUBLICATION, DISTRIBUTION, ETC. (IMPRINT)
Place of publication, distribution, etc New Delhi
Name of publisher, distributor, etc Diamond Pocket Books (P) Ltd.
Date of publication, distribution, etc 2016
270 ## - ADDRESS
Address X-30, Okhla Industrial Area, Phase-II
City New Delhi
Postal code 110020
Electronic mail address sales@dpb.in
300 ## - PHYSICAL DESCRIPTION
Extent 192p.
Dimensions 22cm(pbk)
942 ## - ADDED ENTRY ELEMENTS (KOHA)
Source of classification or shelving scheme Dewey Decimal Classification
Item type English Books
Classification part N
Call number suffix RAH
Holdings
Withdrawn status Lost status Not for loan Collection code Home library Current library Date acquired Source of acquisition Cost, normal purchase price Full call number Barcode Copy number Cost, replacement price Koha item type
      Fiction Bawana Bawana 04/08/2022 DBAD/PUB 150.00 N RAH EN-117796 1 150.00 English Books

© Delhi Public Library
Hit Counter
free hit counter